LEADER 02482nas 2200805- 450 001 996231336103316 005 20231101151524.0 011 $a2191-026X 035 $a(OCoLC)754553530 035 $a(CKB)958480260753 035 $a(CONSER)--2014211510 035 $a(DE-599)ZDB2598392-1 035 $a(EXLCZ)99958480260753 100 $a20110925a19919999 --- a 101 0 $aeng 135 $aurun||||a|a|| 181 $ctxt$2rdacontent 182 $cc$2rdamedia 183 $acr$2rdacarrier 200 00$aJournal of intelligent systems 210 1$aBerlin, Germany :$cDe Gruyter 215 $a1 online resource 300 $aRefereed/Peer-reviewed 311 $a0334-1860 517 3 $aIntelligent systems 531 $aJ INTELL SYST 531 1 $aJ. intell. syst. 606 $aArtificial intelligence$vPeriodicals 606 $aIntellect$vPeriodicals 606 $aSystem theory$vPeriodicals 606 $aIntelligence artificielle$xPériodiques 606 $aIntelligence$xPériodiques 606 $aThéorie des systèmes$xPériodiques 606 $aArtificial intelligence$2fast$3(OCoLC)fst00817247 606 $aIntellect$2fast$3(OCoLC)fst00975732 606 $aSystem theory$2fast$3(OCoLC)fst01141423 606 $aBerechenbarkeit$2gnd 606 $aKognitionswissenschaft$2gnd 606 $aKünstliche Intelligenz$2gnd 606 $aSoft Computing$2swd 606 $aUnterstützungssystem$gInformatik$2gnd 606 $aArtificial Intelligence 606 $aExpert Systems 606 $aSystems Theory 608 $aPeriodical. 608 $aZeitschrift. 608 $aPeriodicals.$2fast 608 $aZeitschrift.$2swd 608 $aPeriodicals.$2lcgft 615 0$aArtificial intelligence 615 0$aIntellect 615 0$aSystem theory 615 6$aIntelligence artificielle$xPériodiques. 615 6$aIntelligence$xPériodiques. 615 6$aThéorie des systèmes$xPériodiques. 615 7$aArtificial intelligence. 615 7$aIntellect. 615 7$aSystem theory. 615 7$aBerechenbarkeit 615 7$aKognitionswissenschaft 615 7$aKünstliche Intelligenz 615 07$aSoft Computing. 615 7$aUnterstützungssystem 615 2$aArtificial Intelligence. 615 2$aExpert Systems. 615 2$aSystems Theory. 906 $aJOURNAL 912 $a996231336103316 996 $aJournal of intelligent systems$92037086 997 $aUNISA LEADER 01851nas 2200517-a 450 001 996198098703316 005 20240413024431.0 011 $a1793-6845 035 $a(CKB)111022269508002 035 $a(CONSER)--2003203038 035 $a(EXLCZ)99111022269508002 100 $a20021212a20029999 --- - 101 0 $aeng 181 $ctxt$2rdacontent 182 $cc$2rdamedia 183 $acr$2rdacarrier 200 00$aInternational journal of information technology & decision making 210 $aSingapore ;$aRiver Edge, N.J. $cWorld Scientific Pub. Co.$d2002- 215 $a1 online resource 300 $aTitle from cover. 300 $aRefereed/Peer-reviewed 311 $aPrint version: International journal of information technology & decision making. (DLC) 2003203038 (OCoLC)51210991 0219-6220 606 $aDecision support systems$vPeriodicals 606 $aInformation technology$vPeriodicals 606 $aDecision making$vPeriodicals 606 $aInformationstechnik$2stw 606 $aBetriebliches Informationssystem$2stw 606 $aEntscheidung$2stw 606 $aDecision making$2fast$3(OCoLC)fst00889035 606 $aDecision support systems$2fast$3(OCoLC)fst00889080 606 $aInformation technology$2fast$3(OCoLC)fst00973089 608 $aPeriodicals.$2fast 615 0$aDecision support systems 615 0$aInformation technology 615 0$aDecision making 615 7$aInformationstechnik. 615 7$aBetriebliches Informationssystem. 615 7$aEntscheidung. 615 7$aDecision making. 615 7$aDecision support systems. 615 7$aInformation technology. 906 $aJOURNAL 912 $a996198098703316 920 $aexl_impl conversion 996 $aInternational journal of information technology & decision making$91079275 997 $aUNISA